10 Least Protestant U.S. States - Statistics

General Stats
  • This quiz has been taken 4 times
  • The average score is 8 of 10
Answer Stats
% State % Correct
32.0 California
100%
21.0 Massachusetts
100%
30.0 New Hampshire
100%
26.0 New York
100%
30.0 Rhode Island
100%
30.0 Vermont
100%
35.0 Connecticut
75%
31.0 New Jersey
75%
35.0 Nevada
50%
13.0 Utah
25%
No matching quizzes found
Score Distribution
Percent of People with Each Score
Percentile by Number Answered
Your Score History
You have not taken this quiz